000 00667nam a22002297a 4500
005 20170124110031.0
010 _a486318
020 _c00.00
035 _a486318
037 _bCen Lib/Ret
040 _aDPL
_bEN
082 _a374
_bROY
100 _aRoy, Nikhil Ranjan
_921689
245 _aAdult education in india & abroad /
_cby Nikhil Ranjan Roy
260 _aNew Delhi
_bSultan Chand & Sons
_c1967
270 _bNew Delhi
_aram nagar
_e10001
300 _aviii, 197p.
_c21cm(Hb)
500 _aIncludes appendix
650 _aEducation
_91169
650 _aAdult education
_zIndia & Abroad
_921690
942 _2ddc
_cEN
_h374
_mROY
999 _c127841
_d127841